[Event "Foment Martinenc op-C 23rd"]
[Site "Barcelona"]
[Date "2023.05.27"]
[Round "6"]
[White "Martimpe Burgues, Xavier"]
[Black "Fernandez Cazorla, Jan"]
[Result "0-1"]
[WhiteElo "1083"]
[BlackElo "1288"]
[PlyCount "62"]
[EventDate "2023.04.22"]
[EventType "swiss"]
[EventRounds "9"]
[EventCountry "ESP"]
[SourceTitle "EXT 2024"]
[Source "ChessBase"]
[SourceDate "2023.10.10"]
[SourceVersion "1"]
[SourceVersionDate "2023.10.10"]
[SourceQuality "1"]

1. e4 e5 2. Nf3 Nc6 3. Bc4 Bc5 4. d3 h6 5. Nc3 Nf6 6. 0-0 d6 7. Nd5 Bg4 8. Be3 Nd4 9. Bxd4 Bxd4 10. c3 Bc5 11. b4 Nxd5 12. Bxd5 c6 13. h3 cxd5 14. hxg4 dxe4 15. dxe4 Bb6 16. Qa4+ Qd7 17. Qxd7+ Kxd7 18. Rfd1 Ke6 19. Nh4 g6 20. a4 Rhc8 21. a5 Bd8 22. Nf3 Rxc3 23. Rac1 Rac8 24. Rxc3 Rxc3 25. Nd2 Rd3 26. Kf1 Bg5 27. Ke2 Rd4 28. Nf3 Rxe4+ 29. Kd3 Rxg4 30. g3 e4+ 31. Kd4 exf3+ 0-1

[Event "Foment Martinenc op-C 23rd"]
[Site "Barcelona"]
[Date "2023.04.22"]
[Round "1"]
[White "Abascal Vicente, Ignacio"]
[Black "Fernandez Cazorla, Jan"]
[Result "1/2-1/2"]
[WhiteElo "1532"]
[BlackElo "1288"]
[PlyCount "43"]
[EventDate "2023.04.22"]
[EventType "swiss"]
[EventRounds "9"]
[EventCountry "ESP"]
[SourceTitle "EXT 2024"]
[Source "ChessBase"]
[SourceDate "2023.10.10"]
[SourceVersion "1"]
[SourceVersionDate "2023.10.10"]
[SourceQuality "1"]

1. e4 e5 2. Nf3 Nc6 3. Bb5 a6 4. Bxc6 dxc6 5. 0-0 Bd6 6. d4 exd4 7. Qxd4 f6 8. Re1 Ne7 9. e5 fxe5 10. Nxe5 0-0 11. Bg5 Rf5 12. Qc4+ Kf8 13. g4 Rxe5 14. Qf4+ Rf5 15. Qxd6 Qxd6 16. Bxe7+ Qxe7 17. Rxe7 Kxe7 18. gxf5 Bxf5 19. Na3 Be6 20. Re1 Kf7 21. Rd1 Re8 22. b3 1/2-1/2